Non-Democratic Countries - Statistics

General Stats
  • This quiz has been taken 18 times
  • The average score is 5 of 7
Answer Stats
Answer % Correct
Oman
78%
Qatar
78%
Saudi Arabia
78%
UAE
78%
Vatican City
72%
Afghanistan
67%
Brunei
56%
No matching quizzes found
Score Distribution
Percent of People with Each Score
Percentile by Number Answered
Your Score History
You have not taken this quiz